[Event "OLNW 1920 HSK Lister Turm - MTV"]
[Site "Tostedt"]
[Date "2021.07.10"]
[Round "8.8"]
[White "Polster, Christian"]
[Black "Thomas, Vincent"]
[Result "1-0"]
[WhiteElo "2231"]
[BlackElo "1597"]
[PlyCount "73"]
[EventDate "2021.??.??"]
[EventType "team-tourn"]
[EventCountry "GER"]

1. e4 e6 2. d4 d5 3. Nc3 Nf6 4. Bg5 Be7 5. e5 Nfd7 6. h4 a6 7. Qg4 c5 8. Bxe7
Qxe7 9. Qxg7 Rf8 10. dxc5 Qxc5 11. O-O-O Qxf2 12. Nf3 Nc6 13. Bd3 Ndxe5 14.
Nxe5 Qe3+ 15. Kb1 Qxe5 16. Qh6 Bd7 17. Rhe1 Qd6 18. Bxh7 O-O-O 19. Nxd5 Qc5 20.
Nf6 Be8 21. Qf4 Rxd1+ 22. Rxd1 Qe5 23. Qf2 Kc7 24. g4 Ne7 25. Be4 Nc8 26. g5
Nd6 27. Qd2 Bb5 28. h5 Rh8 29. h6 Nc4 30. Qb4 Nd6 31. Ng4 Qf4 32. Qc5+ Bc6 33.
Bxc6 bxc6 34. Ne5 Qe4 35. Qxd6+ Kb7 36. Qe7+ Kb6 37. Nd7+ 1-0

[Event "OLNW 1920 SF SK Nordhorn Bla"]
[Site "Hannover"]
[Date "2021.07.10"]
[Round "8.2"]
[White "Pubantz, Jan"]
[Black "Ten Vergert, Paul"]
[Result "1-0"]
[WhiteElo "2272"]
[BlackElo "2226"]
[PlyCount "53"]
[EventDate "2021.??.??"]
[EventType "team-tourn"]
[EventCountry "GER"]

1. Nf3 d6 2. d4 Nf6 3. c4 g6 4. Nc3 Bg7 5. e4 O-O 6. Be2 Bg4 7. Be3 Nbd7 8. O-O
c6 9. Qc2 Qc7 10. Rac1 Rae8 11. b4 e5 12. d5 a6 13. dxc6 bxc6 14. Rfd1 Rb8 15.
a3 Ne8 16. c5 dxc5 17. bxc5 f5 18. Ng5 Bxe2 19. Nxe2 f4 20. Bd2 f3 21. gxf3
Ndf6 22. Qc4+ Kh8 23. Ne6 Qf7 24. Nxf8 Qxf8 25. Kg2 Nh5 26. Rb1 Rd8 27. Bg5 1-0

[Event "OLNW 1920 SF SK Nordhorn Bla"]
[Site "Hannover"]
[Date "2021.07.10"]
[Round "8.3"]
[White "Lambrechts, Koen"]
[Black "Herrmann, Andreas"]
[Result "1-0"]
[WhiteElo "2336"]
[BlackElo "2117"]
[PlyCount "63"]
[EventDate "2021.??.??"]
[EventType "team-tourn"]
[EventCountry "GER"]

1. e4 c5 2. Nf3 Nc6 3. Nc3 g6 4. d4 cxd4 5. Nxd4 Bg7 6. Be3 Nf6 7. h3 O-O 8. g4
d6 9. Bg2 Bd7 10. g5 Ne8 11. h4 Nc7 12. Nxc6 Bxc6 13. h5 Ne6 14. Qg4 Re8 15.
hxg6 hxg6 16. f4 Qa5 17. O-O-O Rac8 18. f5 Nf8 19. Bd4 Bxd4 20. Rxd4 gxf5 21.
exf5 Bxg2 22. Qxg2 Qxf5 23. Rf1 Qg6 24. Rdf4 Rc5 25. Qxb7 a5 26. Rxf7 Qxg5+ 27.
Kb1 Ng6 28. Ne4 Rb5 29. Qc6 Rxb2+ 30. Kxb2 Rb8+ 31. Ka1 Qe5+ 32. Qc3 1-0

[Event "OLNW 1920 SF SK Nordhorn Bla"]
[Site "Hannover"]
[Date "2021.07.10"]
[Round "8.4"]
[White "Ploog, Martin"]
[Black "Stotyn, Fabian"]
[Result "1/2-1/2"]
[WhiteElo "2035"]
[BlackElo "2200"]
[PlyCount "105"]
[EventDate "2021.??.??"]
[EventType "team-tourn"]
[EventCountry "GER"]

1. c4 Nf6 2. Nc3 c5 3. g3 d5 4. cxd5 Nxd5 5. Bg2 Nc7 6. Nf3 Nc6 7. O-O e5 8. b3
Be6 9. Bb2 f6 10. Rc1 Qd7 11. d3 Be7 12. Re1 O-O 13. Qd2 Rad8 14. Red1 Nd4 15.
e3 Nc6 16. Qe2 Bf5 17. Ne4 Nb4 18. Nxc5 Bxc5 19. Rxc5 Ne6 20. Rc4 Nxd3 21. Kf1
Qb5 22. Ba3 Ndc5 23. Rxd8 Rxd8 24. Rxc5 Qxe2+ 25. Kxe2 Nxc5 26. Bxc5 Rc8 27.
Bxa7 Bg4 28. Kd3 Ra8 29. Bc5 Rxa2 30. Nd2 Bf5+ 31. e4 Be6 32. h4 Kf7 33. Kc3
Bd7 34. Bf1 Ra1 35. Bc4+ Be6 36. Bb5 Rc1+ 37. Kb4 Re1 38. Be3 h6 39. Kc5 Rc1+
40. Kb6 Rc3 41. Ba4 Bc8 42. Nc4 Be6 43. Na5 g5 44. hxg5 fxg5 45. Nxb7 Bxb3 46.
Bd7 Kf6 47. Nc5 Bf7 48. Bf5 Be8 49. g4 Ke7 50. Ne6 Rc6+ 51. Ka5 Rxe6 52. Bxe6
Kxe6 53. Kb4 1/2-1/2

[Event "OLNW 1920 SF SK Nordhorn Bla"]
[Site "Hannover"]
[Date "2021.07.10"]
[Round "8.5"]
[White "Schulz, Jens"]
[Black "Simon, Ralf-Axel"]
[Result "1-0"]
[WhiteElo "2188"]
[BlackElo "2079"]
[PlyCount "79"]
[EventDate "2021.??.??"]
[EventType "team-tourn"]
[EventCountry "GER"]

1. d4 Nf6 2. c4 e6 3. Nf3 d5 4. g3 dxc4 5. Bg2 a6 6. O-O Nc6 7. Qc2 b5 8. b3
Nb4 9. Qb2 cxb3 10. Ne5 Nfd5 11. Qxb3 Bb7 12. a3 Nc6 13. Nxc6 Bxc6 14. Bb2 Be7
15. e4 Nf6 16. Nc3 O-O 17. Rad1 Bb7 18. d5 e5 19. a4 Nd7 20. f4 Bc5+ 21. Kh1
Qe7 22. Ne2 Bd6 23. fxe5 Bxe5 24. Nd4 g6 25. Ba3 Bd6 26. Nc6 Bxc6 27. dxc6 Ne5
28. Bxd6 cxd6 29. axb5 axb5 30. Qxb5 Rab8 31. Qd5 Rfd8 32. Bh3 Qc7 33. Bd7 Rb6
34. Rf6 Rxd7 35. cxd7 Qxd7 36. Rxd6 Rxd6 37. Qxd6 Qxd6 38. Rxd6 f5 39. exf5
gxf5 40. Rd5 1-0

[Event "OLNW 1920 SF SK Nordhorn Bla"]
[Site "Hannover"]
[Date "2021.07.10"]
[Round "8.6"]
[White "Polnau, Manuel"]
[Black "Hoellmann, Ludger"]
[Result "0-1"]
[WhiteElo "2038"]
[BlackElo "2120"]
[PlyCount "146"]
[EventDate "2021.??.??"]
[EventType "team-tourn"]
[EventCountry "GER"]

1. e4 c6 2. d4 d5 3. Nc3 dxe4 4. Nxe4 Nd7 5. Bc4 Ngf6 6. Ng5 e6 7. Qe2 Nb6 8.
Bb3 h6 9. N5f3 c5 10. Ne5 cxd4 11. Ngf3 Bd6 12. O-O O-O 13. Nxd4 Bc5 14. Ndf3
Bd7 15. Be3 Qc7 16. Rfd1 Rad8 17. Bxc5 Qxc5 18. Nxd7 Nbxd7 19. Rd2 Qb6 20. Rad1
Nc5 21. Ne5 Nfe4 22. Rxd8 Rxd8 23. Nc4 Qc7 24. f3 Rxd1+ 25. Qxd1 Nxb3 26. fxe4
Qc5+ 27. Kh1 Qxc4 28. axb3 Qxe4 29. h3 f5 30. Qd2 Kh7 31. Qf2 b6 32. c4 f4 33.
Kh2 e5 34. c5 bxc5 35. Qxc5 Qd4 36. Qc8 Qd3 37. b4 Qg6 38. Qc7 Qg3+ 39. Kh1 e4
40. Qxa7 f3 41. gxf3 Qxh3+ 42. Kg1 Qg3+ 43. Kf1 Qxf3+ 44. Qf2 Qd3+ 45. Qe2 Qd4
46. b5 Kg6 47. Qg4+ Kf6 48. Qf4+ Ke6 49. b6 Qd3+ 50. Ke1 Qb1+ 51. Ke2 Qxb2+ 52.
Ke1 Qxb6 53. Qxe4+ Kf7 54. Qf5+ Qf6 55. Qh5+ Qg6 56. Qf3+ Kg8 57. Qa8+ Kh7 58.
Kf2 h5 59. Qh1 Qf5+ 60. Ke3 Kh6 61. Ke2 Qg4+ 62. Kf2 Qf4+ 63. Ke2 h4 64. Qh3
Kh5 65. Qc3 g5 66. Qg7 h3 67. Qh7+ Kg4 68. Qd7+ Kh4 69. Qh7+ Kg3 70. Qd3+ Kg2
71. Qd5+ Kh2 72. Ke1 Qg3+ 73. Kd1 Qg1+ 0-1

[Event "OLNW 1920 SF SK Nordhorn Bla"]
[Site "Hannover"]
[Date "2021.07.10"]
[Round "8.7"]
[White "Bierenbroodspot, Paul"]
[Black "Witthaus, Joerg"]
[Result "1-0"]
[WhiteElo "2104"]
[BlackElo "2027"]
[PlyCount "57"]
[EventDate "2021.??.??"]
[EventType "team-tourn"]
[EventCountry "GER"]

1. e4 e6 2. Nf3 d5 3. Nc3 Nf6 4. exd5 exd5 5. d4 h6 6. Bf4 Bd6 7. Qd2 O-O 8.
O-O-O Bf5 9. Ne5 c6 10. f3 Bxe5 11. dxe5 Nfd7 12. g4 Bg6 13. h4 Nc5 14. h5 Bh7
15. g5 hxg5 16. h6 gxf4 17. hxg7 Re8 18. Qh2 Kxg7 19. Qxh7+ Kf8 20. Qh6+ Ke7
21. Nxd5+ cxd5 22. Qf6+ Kd7 23. Rxd5+ Kc7 24. Rxd8 Rxd8 25. Qe7+ Nbd7 26. Qd6+
Kc8 27. Bh3 b6 28. Rd1 Kb7 29. b4 1-0

[Event "OLNW 1920 SF SK Nordhorn Bla"]
[Site "Hannover"]
[Date "2021.07.10"]
[Round "8.8"]
[White "Spiess, Thomas"]
[Black "Scheffner, Jarno"]
[Result "1-0"]
[WhiteElo "1986"]
[BlackElo "1969"]
[PlyCount "99"]
[EventDate "2021.??.??"]
[EventType "team-tourn"]
[EventCountry "GER"]

1. Nf3 Nf6 2. c4 g6 3. Nc3 Bg7 4. e4 O-O 5. d4 d6 6. Be2 c5 7. O-O Bg4 8. Be3
Bxf3 9. Bxf3 cxd4 10. Bxd4 Nc6 11. Be3 Qa5 12. Rc1 Rfc8 13. b3 Nd7 14. Bg4 Bxc3
15. Bxd7 Rd8 16. Bg4 Bg7 17. Qc2 Bd4 18. Bh6 Qe5 19. Kh1 Qf6 20. Qd2 Bc5 21.
Bg5 Qd4 22. Qe2 h5 23. Bh3 f6 24. Rcd1 Qc3 25. Rd3 Nd4 26. Qd1 Qc2 27. Rxd4
Qxd1 28. Rdxd1 fxg5 29. Be6+ Kg7 30. f4 Kf6 31. f5 gxf5 32. exf5 a5 33. Bd5 a4
34. Rde1 Rd7 35. Re6+ Kg7 36. Rg6+ Kh7 37. Rxg5 axb3 38. Rxh5+ Kg7 39. Rg5+ Kf6
40. Rg6+ Ke5 41. Re6+ Kd4 42. Re4+ Kd3 43. axb3 Kc3 44. g4 Ra2 45. g5 Rd8 46.
g6 Re8 47. h4 Rd2 48. g7 Ra8 49. g8=Q Raa2 50. Qg3+ 1-0

[Event "OLNW 1920 Hamelner SV - SK Lehrte"]
[Site "?"]
[Date "2021.07.10"]
[Round "8.1"]
[White "Schirm, Friedmar"]
[Black "Bode, Wilfried"]
[Result "1/2-1/2"]
[WhiteElo "2266"]
[BlackElo "2355"]
[PlyCount "28"]
[EventDate "2021.??.??"]
[EventType "team-tourn"]

1. Nf3 d5 2. c4 e6 3. g3 Nf6 4. Bg2 Be7 5. O-O O-O 6. b3 b6 7. Bb2 Bb7 8. e3 c5
9. Nc3 Qc7 10. Qe2 Rd8 11. d3 Nc6 12. Rfd1 d4 13. exd4 Nxd4 14. Nxd4 cxd4 {(=)}
1/2-1/2

[Event "OLNW 1920 Hamelner SV - SK Lehrte"]
[Site "?"]
[Date "2021.07.10"]
[Round "8.2"]
[White "Renner, Kai"]
[Black "Stelmaszyk, Nico"]
[Result "1/2-1/2"]
[WhiteElo "2185"]
[BlackElo "2299"]
[PlyCount "61"]
[EventDate "2021.??.??"]
[EventType "team-tourn"]

1. e4 c5 2. Nf3 e6 3. d4 cxd4 4. Nxd4 Nc6 5. Nc3 Nf6 6. a3 Be7 7. Be2 O-O 8.
O-O a6 9. Be3 b5 10. f4 Bb7 11. e5 Nxd4 12. Bxd4 Nd5 13. Nxd5 Bxd5 14. Bf3 Bxf3
15. Qxf3 Qc7 16. c3 f6 17. exf6 Bxf6 18. Bxf6 gxf6 19. Rad1 f5 20. Rd4 d5 21.
Re1 Qb6 22. Qe3 Kf7 23. Qh3 Kg7 24. Qg3+ Kh8 25. Qe3 Rf6 26. Re4 Rb8 27. Re5
Kg7 28. Kf1 Qxe3 29. R5xe3 Kf7 30. Rh3 h6 31. Rg3 {(=)} 1/2-1/2

[Event "OLNW 1920 Hamelner SV - SK Lehrte"]
[Site "?"]
[Date "2021.07.10"]
[Round "8.3"]
[White "Hartogh, Christian"]
[Black "van Son, Lutz"]
[Result "1/2-1/2"]
[WhiteElo "2106"]
[BlackElo "2146"]
[PlyCount "32"]
[EventDate "2021.??.??"]
[EventType "team-tourn"]

1. e4 e6 2. f4 d5 3. e5 c5 4. Nf3 Nc6 5. c3 Nge7 6. Bd3 Nf5 7. O-O Be7 8. Qe2
O-O 9. Kh1 c4 10. Bc2 h5 11. b3 b5 12. a4 cxb3 13. Bxb3 bxa4 14. Bxa4 Qb6 15.
Bc2 a5 16. Ba3 Ba6 {(=)} 1/2-1/2

[Event "OLNW 1920 Hamelner SV - SK Lehrte"]
[Site "?"]
[Date "2021.07.10"]
[Round "8.4"]
[White "Schmidt, Dennis"]
[Black "Schruefer, Guenther"]
[Result "1/2-1/2"]
[WhiteElo "2049"]
[BlackElo "2212"]
[PlyCount "44"]
[EventDate "2021.??.??"]
[EventType "team-tourn"]

1. e4 c5 2. Nf3 d6 3. Bb5+ Bd7 4. Bxd7+ Qxd7 5. O-O Nc6 6. c3 Nf6 7. Re1 e6 8.
d3 Be7 9. Nbd2 O-O 10. Nf1 Rac8 11. Ng3 Rfd8 12. Ng5 Bf8 13. f4 e5 14. c4 exf4
15. Bxf4 g6 16. Qd2 Ng4 17. Rf1 Bg7 18. h3 Nge5 19. Nf3 Rb8 20. Ne2 Nxf3+ 21.
Rxf3 Nd4 22. Nxd4 Bxd4+ {(=)} 1/2-1/2

[Event "OLNW 1920 Hamelner SV - SK Lehrte"]
[Site "?"]
[Date "2021.07.10"]
[Round "8.6"]
[White "Belov, Igor"]
[Black "Manusina, Nicole"]
[Result "1/2-1/2"]
[WhiteElo "2041"]
[BlackElo "1996"]
[PlyCount "92"]
[EventDate "2021.??.??"]
[EventType "team-tourn"]

1. c4 Nf6 2. Nc3 g6 3. e4 d6 4. g3 Bg7 5. Bg2 O-O 6. Nge2 c5 7. O-O Nc6 8. d3
a6 9. f4 Rb8 10. Rb1 Bd7 11. h3 b5 12. b3 bxc4 13. dxc4 Ne8 14. Kh2 Nc7 15. Nd5
Ne6 16. f5 Ned4 17. Nxd4 cxd4 18. Bg5 f6 19. Bd2 e6 20. fxe6 Bxe6 21. Nf4 Bf7
22. Nd5 Bxd5 23. exd5 Ne7 24. h4 f5 25. Bg5 h6 26. Bf4 Rb6 27. Re1 Kh7 28. Re6
Ng8 29. Qd2 Nf6 30. Bf3 Re8 31. Rbe1 Rxe6 32. Rxe6 Nd7 33. Rxd6 Rxd6 34. Bxd6
Nf6 35. Bf4 Ne4 36. Qc2 Qe7 37. Bxe4 fxe4 38. d6 Qe6 39. Kg2 h5 40. d7 d3 41.
d8=Q dxc2 42. Qd2 Qg4 43. Qxc2 Qf3+ 44. Kh2 Bh6 45. Qd2 Bxf4 46. Qxf4 Qe2+ {(=)
} 1/2-1/2

[Event "OLNW 1920 Hamelner SV - SK Lehrte"]
[Site "?"]
[Date "2021.07.10"]
[Round "8.7"]
[White "Buehrmann, Torsten"]
[Black "Helmer, Jan"]
[Result "1-0"]
[WhiteElo "1911"]
[BlackElo "2010"]
[PlyCount "87"]
[EventDate "2021.??.??"]
[EventType "team-tourn"]

1. e4 c5 2. Nf3 Nc6 3. d4 cxd4 4. Nxd4 e5 5. Nb5 d6 6. N1c3 a6 7. Na3 Be7 8.
Nd5 Nf6 9. Nxe7 Qxe7 10. Bd3 b5 11. c3 Be6 12. Bg5 h6 13. Bxf6 Qxf6 14. Nc2 O-O
15. O-O Ne7 16. Ne3 g6 17. a4 Rab8 18. axb5 axb5 19. Bc2 Rb6 20. Bb3 Rd8 21.
Nd5 Bxd5 22. Bxd5 b4 23. c4 Nc6 24. Ra4 Nd4 25. Ra7 Rf8 26. Re1 Qf4 27. Re3 b3
28. g3 Qf6 29. Rd3 g5 30. Qg4 Kg7 31. Kg2 Rbb8 32. h4 Rbe8 33. f4 exf4 34. gxf4
Nc2 35. Rxb3 Qd4 36. hxg5 Ne3+ 37. Rxe3 Qxe3 38. gxh6+ Kxh6 39. Qg5+ Kh7 40.
Qh5+ Kg7 41. Rxf7+ Rxf7 42. Qxf7+ Kh6 43. Qxe8 Qxf4 44. Qe6+ 1-0

[Event "OLNW 1920 Hamelner SV - SK Lehrte"]
[Site "?"]
[Date "2021.07.10"]
[Round "8.8"]
[White "Reichelt, Ole"]
[Black "Reimer, Philip"]
[Result "0-1"]
[WhiteElo "1926"]
[BlackElo "1993"]
[PlyCount "100"]
[EventDate "2021.??.??"]
[EventType "team-tourn"]

1. d4 Nf6 2. c4 e6 3. Nc3 Bb4 4. Qc2 O-O 5. e4 d5 6. e5 Ne4 7. a3 Bxc3+ 8. bxc3
c5 9. cxd5 exd5 10. Bd3 Bf5 11. Ne2 c4 12. Bxe4 Bxe4 13. Qd2 Bxg2 14. Rg1 Be4
15. Qg5 Qxg5 16. Bxg5 Re8 17. Nf4 Nd7 18. h4 Kh8 19. h5 h6 20. Bh4 Nf8 21. Ke2
Ne6 22. Ke3 Nxf4 23. Kxf4 Re6 24. Ra2 Rb6 25. f3 Bd3 26. Rag2 g5+ 27. hxg6 fxg6
28. Be7 Re8 29. Bc5 Rb3 30. Rc1 Kg7 31. a4 b6 32. Bd6 a5 33. Ke3 Kf7 34. Rh2
Rh8 35. Rd2 Ke6 36. f4 h5 37. Rh2 h4 38. Rch1 Rxc3 39. Rxh4 Be4+ 40. Kd2 Rd3+
41. Kc1 Rxh4 42. Rxh4 Rxd4 43. Rh7 c3 44. Re7+ Kf5 45. Rf7+ Kg4 46. Rc7 c2 47.
Ba3 Rd1+ 48. Kb2 d4 49. e6 Rb1+ 50. Ka2 Bd5+ 0-1

[Event "OLNW 1920 Delmenhorster SK - SK Kirchwe"]
[Site "?"]
[Date "2021.07.10"]
[Round "8.1"]
[White "Stevic, Hrvoje"]
[Black "Hoeffer, David"]
[Result "1-0"]
[WhiteElo "2579"]
[BlackElo "2342"]
[PlyCount "71"]
[EventDate "2021.??.??"]
[EventType "team-tourn"]

1. e4 c5 2. Nf3 e6 3. c3 Nf6 4. e5 Nd5 5. Bc4 d6 6. d4 cxd4 7. cxd4 Be7 8. O-O
O-O 9. Re1 b6 10. Bxd5 exd5 11. Nc3 dxe5 12. Nxe5 Bb7 13. Qg4 Bf6 14. Bf4 a6
15. Rac1 b5 16. Ne2 Bc8 17. Qf3 Be6 18. Ng3 g6 19. Bh6 Bg7 20. Qf4 Ra7 21. h4
Re8 22. Bxg7 Kxg7 23. h5 f6 24. h6+ Kg8 25. Nc6 Nxc6 26. Rxc6 Kf7 27. Re3 Bd7
28. Rxe8 Bxe8 29. Rd6 Qe7 30. Rxd5 Qe6 31. Re5 Qc6 32. Ne4 Bd7 33. d5 Qb6 34.
Ng5+ Kg8 35. Re7 Bf5 36. Re8# 1-0

[Event "OLNW 1920 Delmenhorster SK - SK Kirchwe"]
[Site "?"]
[Date "2021.07.10"]
[Round "8.2"]
[White "Korsus, Bernd"]
[Black "Kovacevic, Aleksandar"]
[Result "1/2-1/2"]
[WhiteElo "2289"]
[BlackElo "2482"]
[PlyCount "75"]
[EventDate "2021.??.??"]
[EventType "team-tourn"]

1. d4 Nf6 2. c4 e6 3. Nf3 b6 4. e3 Bb7 5. Be2 c5 6. O-O cxd4 7. Nxd4 Be7 8. Bf3
Nc6 9. Nxc6 Bxc6 10. Bxc6 dxc6 11. Qf3 Qc7 12. Bd2 O-O 13. Nc3 Bd6 14. h3 Bh2+
15. Kh1 Be5 16. Rfd1 Rad8 17. Be1 h6 18. Rac1 a6 19. b3 Rxd1 20. Rxd1 b5 21.
Ne4 Nd7 22. cxb5 cxb5 23. Bb4 Rc8 24. g4 Nf6 25. Nxf6+ Bxf6 26. Kg2 a5 27. Bd2
b4 28. Rc1 Qd7 29. e4 Rxc1 30. Bxc1 Qc6 31. Bxh6 Qc2 32. Be3 Be5 33. Bb6 Qxa2
34. Qd3 a4 35. Qd8+ Kh7 36. Qh4+ Kg8 37. Qd8+ Kh7 38. Qh4+ 1/2-1/2

[Event "OLNW 1920 Delmenhorster SK - SK Kirchwe"]
[Site "?"]
[Date "2021.07.10"]
[Round "8.3"]
[White "Palac, Mladen"]
[Black "Pahl, Erik"]
[Result "1-0"]
[WhiteElo "2525"]
[BlackElo "2110"]
[PlyCount "64"]
[EventDate "2021.??.??"]
[EventType "team-tourn"]

1. d4 Nf6 2. c4 e6 3. g3 d5 4. Bg2 Be7 5. Nf3 O-O 6. O-O dxc4 7. Qc2 a6 8. a4
c5 9. dxc5 Bxc5 10. Nbd2 Qe7 11. Nxc4 b6 12. b4 Bxb4 13. Nxb6 Bb7 14. Nxa8 Bxa8
15. Bb2 h6 16. Rac1 a5 17. Rfd1 Na6 18. Ne5 Bxg2 19. Kxg2 Nc5 20. Nd3 Qb7+ 21.
Kg1 Nxd3 22. Rxd3 Nd5 23. Qc4 f5 24. e4 fxe4 25. Qxe4 Qf7 26. Bd4 Nf6 27. Bxf6
Qxf6 28. Qe2 e5 29. Re3 Re8 30. Qb5 Re7 31. Rc8+ Kh7 32. Qd3+ Qg6 1-0

[Event "OLNW 1920 Delmenhorster SK - SK Kirchwe"]
[Site "?"]
[Date "2021.07.10"]
[Round "8.4"]
[White "Margraf, Daniel"]
[Black "Jovanovic, Zoran"]
[Result "0-1"]
[WhiteElo "2247"]
[BlackElo "2517"]
[PlyCount "78"]
[EventDate "2021.??.??"]
[EventType "team-tourn"]

1. e4 d6 2. d4 Nf6 3. Nc3 e5 4. dxe5 dxe5 5. Qxd8+ Kxd8 6. Bc4 Ke8 7. Nf3 Bd6
8. Bg5 c6 9. O-O-O Bc7 10. a4 Nbd7 11. Rhe1 h6 12. Bh4 Ke7 13. h3 Nf8 14. Bg3
Ng6 15. Bh2 Re8 16. Nd2 a6 17. Nf1 b5 18. Bb3 Kf8 19. f3 Nf4 20. Ne3 Nd7 21.
Bxf4 exf4 22. Nf5 Nc5 23. Nd6 Re7 24. Nxc8 Rxc8 25. axb5 axb5 26. Ne2 Be5 27.
Ba2 Ra7 28. Bb1 b4 29. c3 bxc3 30. bxc3 Ra3 31. Rd2 Bxc3 32. Nxc3 Rxc3+ 33. Kd1
Rb8 34. Bc2 Rb2 35. e5 Ra2 36. Bb1 Rc1+ 37. Ke2 Rxd2+ 38. Kxd2 Rxe1 39. Kxe1
Nd7 0-1

[Event "OLNW 1920 Delmenhorster SK - SK Kirchwe"]
[Site "?"]
[Date "2021.07.10"]
[Round "8.5"]
[White "Zelcic, Robert"]
[Black "Pahl, Theis"]
[Result "1-0"]
[WhiteElo "2539"]
[BlackElo "2123"]
[PlyCount "71"]
[EventDate "2021.??.??"]
[EventType "team-tourn"]

1. e4 c5 2. Nf3 d6 3. d4 cxd4 4. Nxd4 Nf6 5. Nc3 a6 6. a4 e5 7. Nf3 Be6 8. Ng5
Be7 9. Nxe6 fxe6 10. g3 Qc8 11. Bh3 Qc4 12. a5 Kf7 13. Bd2 Nbd7 14. b3 Qc6 15.
O-O Nxe4 16. Nxe4 Qxe4 17. Bg2 Qf5 18. Bxb7 Ra7 19. Bg2 Rf8 20. c4 Nf6 21. Be3
Rc7 22. Re1 Kg8 23. Bb6 Rcc8 24. Qf3 Qg6 25. Qe2 Nd7 26. Be3 e4 27. Rad1 Qf5
28. Bf4 d5 29. Bxe4 dxe4 30. Rxd7 Bb4 31. Red1 Bxa5 32. Be3 Rfd8 33. c5 Rxd7
34. Rxd7 Rc6 35. b4 e5 36. Qd2 1-0

[Event "OLNW 1920 Delmenhorster SK - SK Kirchwe"]
[Site "?"]
[Date "2021.07.10"]
[Round "8.7"]
[White "Genov, Petar"]
[Black "Monnerjahn, Lukas"]
[Result "1-0"]
[WhiteElo "2425"]
[BlackElo "1782"]
[PlyCount "63"]
[EventDate "2021.??.??"]
[EventType "team-tourn"]

1. Nf3 Nf6 2. c4 d6 3. Nc3 e5 4. d4 Nbd7 5. e4 Be7 6. Be2 c6 7. O-O O-O 8. Qc2
a6 9. Rd1 Qc7 10. a4 Ne8 11. b3 g6 12. Ba3 Ng7 13. Rd2 Nf6 14. Rad1 Bg4 15. Ne1
Rad8 16. Bxg4 Nxg4 17. h3 Nh6 18. Nf3 f6 19. b4 Nf7 20. Qb3 b6 21. b5 axb5 22.
cxb5 c5 23. Nd5 Qa7 24. dxc5 dxc5 25. a5 bxa5 26. Nxe7+ Qxe7 27. Bxc5 Qxc5 28.
Rxd8 Qb6 29. Rxf8+ Kxf8 30. Qd5 Ne6 31. Qa8+ Ke7 32. Qa6 1-0

[Event "OLNW 1920 Delmenhorster SK - SK Kirchwe"]
[Site "?"]
[Date "2021.07.10"]
[Round "8.8"]
[White "Alhamid, Mohamad"]
[Black "Medak, Bojan"]
[Result "0-1"]
[WhiteElo "1664"]
[BlackElo "2362"]
[PlyCount "71"]
[EventDate "2021.??.??"]
[EventType "team-tourn"]

1. e4 c6 2. d4 g6 3. f4 d5 4. e5 Nh6 5. Nf3 Bg7 6. c4 O-O 7. Nc3 dxc4 8. Bxc4
Bg4 9. Be2 Nf5 10. d5 Qb6 11. Qb3 Rd8 12. Qxb6 axb6 13. dxc6 Nxc6 14. O-O h5
15. h3 Bxf3 16. Bxf3 Nfd4 17. Be4 Nb3 18. Rb1 Nxc1 19. Rbxc1 e6 20. a3 h4 21.
Rfd1 Bf8 22. Bxc6 Bc5+ 23. Kf1 bxc6 24. Ke2 Bd4 25. Rd3 c5 26. Rcd1 Rdb8 27.
Kf3 b5 28. R1d2 b4 29. axb4 Rxb4 30. Ne4 Rab8 31. Kg4 Bxe5 32. Rd8+ Rxd8 33.
Rxd8+ Kg7 34. Kf3 Rb3+ 35. Kg4 Bxb2 36. Kxh4 0-1

[Event "OLNW 1920 SK Kirchweyhe - HSK Lister Tu"]
[Site "?"]
[Date "2021.07.11"]
[Round "9.1"]
[White "Abel, Dennes"]
[Black "Stevic, Hrvoje"]
[Result "1/2-1/2"]
[WhiteElo "2462"]
[BlackElo "2579"]
[PlyCount "29"]
[EventDate "2021.??.??"]
[EventType "team-tourn"]

1. d4 d5 2. c4 dxc4 3. Nf3 Nf6 4. e3 e6 5. Bxc4 c5 6. O-O a6 7. Be2 Nc6 8. dxc5
Bxc5 9. Qxd8+ Kxd8 10. b3 Ke7 11. Bb2 Bd7 12. Nbd2 b5 13. Rfc1 Bd6 14. a4 Rab8
15. axb5 1/2-1/2

[Event "OLNW 1920 SK Kirchweyhe - HSK Lister Tu"]
[Site "?"]
[Date "2021.07.11"]
[Round "9.2"]
[White "Kovacevic, Aleksandar"]
[Black "Schneider, Ilja"]
[Result "0-1"]
[WhiteElo "2482"]
[BlackElo "2479"]
[PlyCount "124"]
[EventDate "2021.??.??"]
[EventType "team-tourn"]

1. e4 c6 2. Nc3 d5 3. Nf3 Bg4 4. h3 Bxf3 5. Qxf3 e6 6. d3 Nd7 7. Bd2 g6 8.
O-O-O Bg7 9. g4 Ne7 10. Qg3 Qb6 11. h4 O-O-O 12. Re1 dxe4 13. dxe4 Nc5 14. Bg5
Rhe8 15. e5 h6 16. Be3 Nd5 17. Nxd5 Rxd5 18. f4 Qb4 19. a3 Ne4 20. axb4 Nxg3
21. Bg2 Nxh1 22. Bxd5 exd5 23. Rxh1 f6 24. exf6 Bxf6 25. Bxa7 Re4 26. g5 Bg7
27. c3 h5 28. Rf1 Kd7 29. Kd2 Ke6 30. Bb8 Kf5 31. Rg1 d4 32. Rg3 Re8 33. Bc7
Re7 34. Bb8 Ke4 35. Rd3 Rd7 36. Ke2 Rd5 37. Rg3 c5 38. bxc5 Rxc5 39. Kd2 Rd5
40. cxd4 Bxd4 41. Ke2 Rb5 42. b3 Ra5 43. Kf1 Be3 44. Kg2 Ra2+ 45. Kh3 Ra8 46.
Be5 Rd8 47. b4 b5 48. Bc7 Rd7 49. Bb8 Rd1 50. Kh2 Rf1 51. Rh3 Rf2+ 52. Kh1 Re2
53. Bd6 Rd2 54. Bc7 Bxf4 55. Bxf4 Kxf4 56. Rc3 Kg4 57. Kg1 Kxh4 58. Rc5 Kg3 59.
Rc3+ Kg4 60. Rc5 h4 61. Rxb5 Kg3 62. Kf1 h3 0-1

[Event "OLNW 1920 SK Kirchweyhe - HSK Lister Tu"]
[Site "?"]
[Date "2021.07.11"]
[Round "9.3"]
[White "Walter, Stefan"]
[Black "Palac, Mladen"]
[Result "1/2-1/2"]
[WhiteElo "2388"]
[BlackElo "2525"]
[PlyCount "69"]
[EventDate "2021.??.??"]
[EventType "team-tourn"]

1. d4 Nf6 2. c4 e6 3. Nc3 Bb4 4. Qc2 d5 5. cxd5 exd5 6. Bg5 h6 7. Bh4 g5 8. Bg3
Nc6 9. e3 h5 10. f3 Qe7 11. Kd2 h4 12. Bf2 g4 13. Re1 h3 14. Kc1 Bxc3 15. bxc3
Qa3+ 16. Qb2 Qxb2+ 17. Kxb2 hxg2 18. Bxg2 gxf3 19. Bxf3 Bg4 20. Bxg4 Nxg4 21.
Bg3 O-O-O 22. e4 dxe4 23. Rxe4 f5 24. Re2 Rde8 25. Kc2 Nf6 26. Rxe8+ Rxe8 27.
h4 Nh5 28. Bf2 Nd8 29. Kd2 Nf7 30. Nf3 Nd6 31. Ng5 Nc4+ 32. Kd1 Nb2+ 33. Kd2
Nc4+ 34. Kd1 Nb2+ 35. Kd2 1/2-1/2

[Event "OLNW 1920 SK Kirchweyhe - HSK Lister Tu"]
[Site "?"]
[Date "2021.07.11"]
[Round "9.4"]
[White "Jovanovic, Zoran"]
[Black "Buchenau, Frank"]
[Result "1-0"]
[WhiteElo "2517"]
[BlackElo "2317"]
[PlyCount "83"]
[EventDate "2021.??.??"]
[EventType "team-tourn"]

1. e4 e6 2. d4 d5 3. Nc3 Nf6 4. Bg5 dxe4 5. Nxe4 Be7 6. Bxf6 gxf6 7. Nc3 f5 8.
Qd2 a6 9. g3 Qd6 10. O-O-O Nd7 11. f4 b5 12. Bg2 c6 13. Nf3 Bb7 14. Qe2 O-O-O
15. Rd3 Qc7 16. Rhd1 Bf6 17. Ne5 Nf8 18. Nb1 Bxe5 19. dxe5 Rxd3 20. Rxd3 Ng6
21. Nd2 Rd8 22. Rxd8+ Qxd8 23. Qe3 f6 24. exf6 Qxf6 25. Nf3 Kc7 26. c3 Nf8 27.
Ne5 Qd8 28. Qa7 Qa8 29. Qc5 Qe8 30. Qa7 Qa8 31. Qe3 Qe8 32. c4 Nd7 33. c5 Nxe5
34. Qxe5+ Kc8 35. Bf3 Qe7 36. Kc2 Kd7 37. Kc3 a5 38. a3 Kd8 39. Qb8+ Bc8 40.
Qb6+ Ke8 41. Qxc6+ Bd7 42. Qd6 1-0

[Event "OLNW 1920 SK Kirchweyhe - HSK Lister Tu"]
[Site "?"]
[Date "2021.07.11"]
[Round "9.5"]
[White "Petkidis, Anthony"]
[Black "Zelcic, Robert"]
[Result "1-0"]
[WhiteElo "2401"]
[BlackElo "2539"]
[PlyCount "61"]
[EventDate "2021.??.??"]
[EventType "team-tourn"]

1. e4 c6 2. d4 d5 3. f3 e6 4. Nc3 Bb4 5. Bd2 dxe4 6. Nxe4 Be7 7. Qe2 Nf6 8.
O-O-O b6 9. Qf2 O-O 10. h4 Ba6 11. Bxa6 Nxa6 12. h5 c5 13. h6 g6 14. Ne2 Nxe4
15. fxe4 cxd4 16. Nxd4 Rc8 17. Kb1 Nc5 18. Rhe1 Qd7 19. Nf3 Rfd8 20. Ne5 Qe8
21. Ng4 f5 22. exf5 gxf5 23. Ne5 Bf6 24. g4 Bxe5 25. Rxe5 Ne4 26. Qg1 Nxd2+ 27.
Rxd2 f4 28. Rg5+ Kf8 29. Qe1 Rc5 30. Rg7 e5 31. Qe4 1-0